| 000 | 00481nam a22001817a 4500 | ||
|---|---|---|---|
| 003 | MPLRDC | ||
| 005 | 20220104143316.0 | ||
| 008 | 210129b ||||| |||| 00| 0 eng d | ||
| 020 | _a7-5365-1355-0 | ||
| 082 | _a310.7 CG | ||
| 100 | _a陈钢等编著 | ||
| 245 |
_a小学生每日10分钟数学基本功训练: 计算 _c |
||
| 250 | _a一版一刷 | ||
| 260 |
_a _b四川少年儿童出版社 _c1994 |
||
| 300 | _b平 | ||
| 650 | _a小学数学总论 | ||
| 942 |
_cBK _o310.7 CG |
||
| 999 |
_c38639 _d38629 |
||